000 00837nam a22002177a 4500
005 20171129124722.0
010 _aUR-9883
020 6 _c60.00
035 _aU-8438
037 _bDBAD/PUB
082 _a954
100 _aعبد ا لبا ر ی
245 _a آ د بیا سی تہذیب و ثقافت
_cعبد ا لبا ر ی
246 _b
_aA'Dibasi Tahzeeb Aur Saqafat:Aik Tarruf
250 _aby Abdul Bari
260 _a نئی د لی
_bMerkazi Maktaba Islami Publishers
_c1998
270 _a1353,Chitli Qaber ,
_b Delhi
_e110006
_k-
_l-
300 _a268ص
_c22 Cm.(B.b)
500 _aدو حصہ
942 _2ddc
_cUR
_h954
_mع ب د
_e
999 _c147124
_d147124